[Event "American Continental (Women) 16th"]
[Site "Oaxtepec"]
[Date "2025.05.05"]
[Round "7"]
[White "Bahena Tello, Tania Quetzalli"]
[Black "Gaona Garrido, Estefania"]
[Result "1/2-1/2"]
[WhiteElo "1539"]
[BlackElo "1586"]
[PlyCount "103"]
[EventDate "2025.05.01"]
[EventType "swiss"]
[EventRounds "9"]
[EventCountry "MEX"]
[SourceTitle "CB19_2025"]
[SourceDate "2025.05.07"]
[SourceVersion "1"]
[SourceVersionDate "2025.05.07"]
[SourceQuality "1"]

1. e4 c5 2. Nf3 g6 3. d4 cxd4 4. Nxd4 Bg7 5. Nc3 Nc6 6. Be3 d6 7. Bc4 Nf6 8. f3 0-0 9. Qd2 a6 10. 0-0-0 Qc7 11. a3 Rb8 12. g4 h5 13. h3 Rd8 14. Ba2 b5 15. Nxc6 Qxc6 16. Bh6 Be6 17. Bxe6 fxe6 18. Bxg7 Kxg7 19. gxh5 Nxh5 20. Qg5 Rg8 21. Qxe7+ Kh6 22. Qxd6 Rbc8 23. Rd3 Rge8 24. Rhd1 Qxd6 25. Rxd6 Ra8 26. e5 Nf4 27. Ne4 Ne2+ 28. Kd2 Nf4 29. Nc5 Kg5 30. Nxa6 Re7 31. Nc5 Kf5 32. Rb6 Nxh3 33. Rxb5 Kxe5 34. Nd3+ Kf6 35. c4 Rd7 36. Ke2 Rad8 37. Rh1 Rxd3 38. Rxh3 Rd2+ 39. Ke1 Rd1+ 40. Kf2 R8d2+ 41. Kg3 Rg1+ 42. Kf4 Rd4+ 43. Ke3 Rxc4 44. Kd3 Rcc1 45. Rh2 Rgf1 46. Ke3 Ra1 47. Rf2 Rfe1+ 48. Kd3 Red1+ 49. Kc3 Rf1 50. Rxf1 Rxf1 51. a4 Rxf3+ 52. Kc4 1/2-1/2

[Event "American Continental (Women) 16th"]
[Site "Oaxtepec"]
[Date "2025.05.05"]
[Round "8"]
[White "Chen, Megan"]
[Black "Bahena Tello, Tania Quetzalli"]
[Result "1/2-1/2"]
[WhiteElo "1702"]
[BlackElo "1539"]
[PlyCount "113"]
[EventDate "2025.05.01"]
[EventType "swiss"]
[EventRounds "9"]
[EventCountry "MEX"]
[SourceTitle "CB19_2025"]
[SourceDate "2025.05.07"]
[SourceVersion "1"]
[SourceVersionDate "2025.05.07"]
[SourceQuality "1"]

1. e4 e6 2. d4 d5 3. e5 c5 4. c3 Nc6 5. Nf3 Qb6 6. Bd3 cxd4 7. 0-0 dxc3 8. Nxc3 a6 9. Na4 Qd8 10. Be3 d4 11. Bxd4 Nxd4 12. Nxd4 Ne7 13. Nc3 Nd5 14. Be4 Nxc3 15. bxc3 Ra7 16. Rb1 Be7 17. Qc2 g6 18. Rfd1 Qc7 19. Nf3 0-0 20. h4 b5 21. h5 Bb7 22. Bxb7 Rxb7 23. Qe4 Rbb8 24. Nd4 Rbc8 25. hxg6 hxg6 26. Nxe6 fxe6 27. Qxg6+ Kh8 28. Rd3 Bh4 29. Rh3 Qh7 30. Qxh7+ Kxh7 31. Rxh4+ Kg6 32. a4 Rxc3 33. axb5 axb5 34. Rhb4 Rc2 35. f4 Kf5 36. g3 Rg8 37. R1b3 Rh8 38. Rb2 Rhh2 39. Rxc2 Rxc2 40. Rxb5 Kg4 41. Rb3 Ra2 42. Re3 Rc2 43. Kf1 Ra2 44. Re2 Ra3 45. Rg2 Kf3 46. Kg1 Kg4 47. Kh2 Re3 48. Kg1 Ra3 49. Kh2 Re3 50. Kg1 Ra3 51. Kh2 Re3 52. Kg1 Ra3 53. Kh2 Re3 54. Kg1 Ra3 55. Kh2 Re3 56. Kg1 Ra3 57. Kh2 1/2-1/2

[Event "American Continental (Women) 16th"]
[Site "Oaxtepec"]
[Date "2025.05.03"]
[Round "5"]
[White "Bahena Tello, Tania Quetzalli"]
[Black "Manzano Vera, Ana Sofia"]
[Result "0-1"]
[WhiteElo "1539"]
[BlackElo "1546"]
[PlyCount "108"]
[EventDate "2025.05.01"]
[EventType "swiss"]
[EventRounds "9"]
[EventCountry "MEX"]
[SourceTitle "CB19_2025"]
[SourceDate "2025.05.07"]
[SourceVersion "1"]
[SourceVersionDate "2025.05.07"]
[SourceQuality "1"]

1. e4 c6 2. Nf3 d5 3. Nc3 d4 4. Ne2 c5 5. d3 Nc6 6. c3 e5 7. Ng3 Nf6 8. Be2 h6 9. 0-0 Bd6 10. Nh4 g6 11. f4 Qc7 12. f5 g5 13. Nf3 Bd7 14. Ne1 0-0-0 15. Nc2 Rdg8 16. Na3 a6 17. Qb3 Nd8 18. Nc4 Bb5 19. Nxd6+ Qxd6 20. Bd2 Kb8 21. Rac1 g4 22. cxd4 cxd4 23. Bb4 Qd7 24. Qc2 Nc6 25. Bd2 Rc8 26. Qc5 Qe7 27. Qxe7 Nxe7 28. Bb4 Nc6 29. Bd2 h5 30. b3 a5 31. a4 Ba6 32. Bg5 Nd7 33. h3 Rcg8 34. Bh4 Nb4 35. Rfd1 f6 36. Kh2 Rh6 37. Nf1 Na2 38. Rc2 Nc3 39. Ra1 Nc5 40. Be1 Nxb3 41. Bxc3 dxc3 42. Re1 Rc8 43. Ng3 Nd4 44. Rcc1 c2 45. Bd1 cxd1Q 46. Rcxd1 h4 47. Ne2 g3+ 48. Kh1 Nc2 49. Rg1 Ne3 50. Rd2 Rhh8 51. Rb1 Rhd8 52. Rdb2 Ka7 53. Nc1 Rc7 54. Rb6 Rdc8 0-1